Le travail des enfants et des filles mineures dans l'industrie (Record no. 152530)

MARC details
000 -LEADER
campo de control de longitud fija 00735nam a22001695i 4500
001 - NÚMERO DE CONTROL
campo de control 152530
003 - IDENTIFICADOR DE NÚMERO DE CONTROL
campo de control ES-MaACL
005 - FECHA Y HORA DE LA ÚLTIMA TRANSACCIÓN
campo de control 20230906204801.0
008 - DATOS DE LONGITUD FIJA--INFORMACIÓN GENERAL
campo de control de longitud fija 020917s1885 fr |||| | fre d
040 ## - FUENTE DE CATALOGACIÓN
Centro catalogador/agencia de origen CCPB | B
Lengua de catalogación spa
Centro/agencia transcriptor CCPB | B
100 1# - ENTRADA PRINCIPAL--NOMBRE DE PERSONA
Nombre de persona Bouquet, Louis.
9 (RLIN) 30941
245 13 - MENCIÓN DEL TÍTULO
Título Le travail des enfants et des filles mineures dans l'industrie
Resto del título : loi du 19 mai 1874, règlements d'administration publique, circulaires, instructions ministérielles, décisions judiciaires /
Mención de responsabilidad, etc. réunis et commentés par Luis Bouquet.
260 ## - PUBLICACIÓN, DISTRIBUCIÓN, ETC.
Lugar de publicación, distribución, etc. Paris ;
-- Nancy :
Nombre del editor, distribuidor, etc. Librairie Administrative Berger-Levrault,
Fecha de publicación, distribución, etc. 1885.
300 ## - DESCRIPCIÓN FÍSICA
Extensión VI, 356 p. ;
Dimensiones 19 cm.
650 ## - PUNTO DE ACCESO ADICIONAL DE MATERIA--TÉRMINO DE MATERIA
Término de materia o nombre geográfico como elemento de entrada Niños-
Subdivisión general Trabajo-
Subdivisión geográfica Francia.
9 (RLIN) 147253
852 ## - LOCALIZACIÓN
Ubicación ES-MaACL
Número de control de estantería D-845
Nota libre -- Enc. hol.
Holdings
Estatus retirado Estado de pérdida Estado de daño No para préstamo Colección Biblioteca de origen Biblioteca actual Ubicación en estantería Fecha de adquisición Fuente de adquisición Total de préstamos Signatura topográfica completa Código de barras Visto por última vez Precio de reemplazo Tipo de ítem Koha
        Libros del s. XIX Biblioteca del Ateneo de Madrid Biblioteca del Ateneo de Madrid Sala Valle Inclán 17/01/2008     D-845 901159276 23/02/2023 23/02/2023 Libro impreso antiguo